Subdivision capitals closest to Târgu Mureș (RO) - Statistics

General Stats
  • This quiz has been taken 11 times
  • The average score is 11 of 20
Answer Stats
Distance (km) Answer % Correct
7 128 Brașov
100%
2 78 Cluj-Napoca
100%
4 93 Alba Iulia
60%
10 144 Baia Mare
60%
19 208 Botoșani
60%
20 208 Oradea
60%
15 188 Satu Mare
60%
6 121 Sfântu Gheorghe
60%
3 89 Sibiu
60%
14 181 Suceava
60%
13 180 Bacău
40%
1 66 Bistrița
40%
11 148 Deva
40%
5 97 Miercurea Ciuc
40%
9 144 Piatra Neamț
40%
16 189 Pitești
40%
12 161 Râmnicu Vâlcea
40%
17 193 Târgoviște
40%
18 195 Târgu Jiu
40%
8 134 Zalău
40%
No matching quizzes found
Score Distribution
Percent of People with Each Score
Percentile by Number Answered
Your Score History
You have not taken this quiz